000 00330 a2200109 4500
001 ART_40552
005 20260410161805.0
008 260409a
245 1 0 _aNuevo proyecto de reforma a la ley concursal
100 1 _aVaiser, Lidia
773 0 _tDoctrina Societaria y Concursal
_g- NÂș 347 (oct. 2016)
_wREV4298
999 _c20911
_d20911